000 00385nam a2200145 i 4500
001 100591
003 ES-MaACL
005 20230906182713.0
007 t|
008 050929s1915 xxk ||||1| spa d
100 1 _aMasterman, Charles F. G.
_978867
245 1 3 _aEl triunfo de la Armada /
_cC. F. G. Masterman.
260 _aLondon :
_b[s.n.],
_c1915.
852 _aES-MaACL
_j1579-F-19
999 _c100591
_d100591